000
00356nam a22001337a 4500
020
_a
9787119105550
082
_a
335.4345 JIN
245
_a
Up and out of poverty
_c
Xi Jinping
260
_a
Beijing :
_b
Foreign language Co. Ltd.,
_c
2016.
300
_a
223 p. ;
_c
23 cm.
942
_2
ddc
_c
BK
999
_c
587880
_d
587880